[Event "Vlissingen HZ op 23rd"]
[Site "Vlissingen"]
[Date "2019.08.03"]
[Round "1"]
[White "Hng, Mei En Emmanuelle"]
[Black "Hamelink, Joost"]
[Result "1/2-1/2"]
[WhiteElo "2026"]
[BlackElo "1645"]
[PlyCount "68"]
[EventDate "2019.08.03"]
[EventType "swiss"]
[EventRounds "9"]
[EventCountry "NED"]
[SourceTitle "CBM 191 Extra"]
[Source "ChessBase"]
[SourceDate "2019.09.30"]
[SourceVersion "1"]
[SourceVersionDate "2019.09.30"]
[SourceQuality "1"]

1. e4 c6 2. d4 d5 3. e5 e6 4. Nf3 c5 5. a3 Nc6 6. dxc5 Qc7 7. Bb5 Bxc5 8. b4 Bf8 9. 0-0 Bd7 10. Qe2 Nge7 11. Bb2 a6 12. Bd3 Ng6 13. Qe3 Nce7 14. Nc3 Nc6 15. Ne2 Be7 16. Rac1 b5 17. Rfe1 0-0 18. h4 f5 19. exf6 Bxf6 20. Bxf6 Rxf6 21. Bxg6 hxg6 22. Rcd1 Rc8 23. Rd3 Qd6 24. Ng3 Rf4 25. Ne4 Qf8 26. Nc5 Qf7 27. Ng5 Qf5 28. Nxd7 Nd8 29. Nc5 Rxh4 30. Ngxe6 Qh5 31. g3 Rh1+ 32. Kg2 Qh3+ 33. Kf3 Qh5+ 34. Kg2 Qh3+ 1/2-1/2